| 000 | 01021nam a22002897a 4500 | ||
|---|---|---|---|
| 001 | 9768 | ||
| 003 | FISKH | ||
| 005 | 20260304143831.0 | ||
| 008 | 260212b cb ||||| |||| 00| 0 eng d | ||
| 020 | _a9781570914195 | ||
| 040 |
_aFISKH _beng _cFISKH _dFISKH |
||
| 050 | _aQL145 .W34 | ||
| 082 | _a591.76 | ||
| 100 |
_aWadsworth , Ginge _eAuthor |
||
| 245 |
_aRiver discoveries / _cBy Ginger Wadsworth : Illustrated by Paul Kratter |
||
| 260 |
_aWatertown , MA : _bCharlesbridge , _c2002 . |
||
| 300 |
_a32 unnumbered pages : _bcolor illustrations ; _c21 X 28 cm . |
||
| 505 | _aK | ||
| 520 | _aExplores the wildlife that depends on a river for food and shelter. Discussion questions follow each section of the text. | ||
| 521 | 8 |
_a510
_bLexile estimate |
|
| 521 | 8 |
_aK
_bRaz-Plus |
|
| 650 |
_aStream animals _vJuvenile Literature |
||
| 650 |
_aStream animals- Idaho- Salmon River _vJuvenile Literature |
||
| 700 |
_aKratter , Paul _eIllustrator |
||
| 942 |
_2ddc _cBK _n0 |
||
| 999 |
_c9768 _d9768 |
||